000
00333nam a2200133Ia 4500
008
151001s9999||||xx |||||||||||||| ||und||
100
_a
अय्यर जोशी
245
_a
एक पेड की याद
250
_a
1
260
_b
संभावना
260
_c
2003
300
_a
110
365
_b
21
999
_c
980928
_d
980925